000 00565 a2200181 4500
020 _c125.00
035 _aB-28092
037 _bRP-ZLS-1268 / NCP-01-02:3 / RP-01-02:ENG
082 1 4 _a005.13
090 _c2743
_d2743
100 1 _aAroar, Sumita
245 1 _aComputer science with C++
_ba text book for class XI
_cby Sumita Arora
250 _a2nd ed
260 _aDelhi
_bDhanpat Rai
_c2002
300 _axii, 460 p
_c24 cm (pbk)
942 _adpl
_cEN
_k005.13 / ARO
999 _c2692
_d2692